[Event "40th Olympiad Open"]
[Site "Istanbul TUR"]
[Date "2012.09.06"]
[Round "9.33"]
[Board "1"]
[White "Munoz Santana, Jose Lisandro"]
[Black "Abdulla, Al-Rakib"]
[Result "0-1"]
[WhiteTitle "IM"]
[BlackTitle "GM"]
[WhiteElo "2428"]
[BlackElo "2514"]
[WhiteTeam "Dominican Republic"]
[BlackTeam "Bangladesh"]
[WhiteFideId "6400361"]
[BlackFideId "10200444"]
[EventDate "2012.08.28"]

1. e4 e5 2. Nf3 Nc6 3. Bc4 d6 4. c3 Qf6 5. d3 h6 6. Nbd2 Nge7 7. h3 g5 8. Nh2 h5
9. Nhf1 Bh6 10. Qe2 Bd7 11. Bb3 g4 12. h4 Qg6 13. Ng3 O-O-O 14. Ndf1 Bxc1 15.
Rxc1 f5 16. exf5 Nxf5 17. Ne3 Nxg3 18. fxg3 Rhf8 19. Rf1 Qh6 20. Rxf8 Rxf8 21.
Kd1 Ne7 22. Kc2 Kb8 23. Kb1 a6 24. a3 Be6 25. Bxe6 Qxe6 26. Rf1 Rf6 27. Kc2 d5
28. c4 dxc4 29. Nxc4 Nc6 30. Rxf6 Qxf6 31. Kb1 Qf5 32. Ka2 b5 33. Nd2 Nd4 34.
Qe4 Qe6+ 35. Kb1 Qd6 36. Nf1 Nb3 37. Kc2 Nc5 38. Qe2 Qd5 39. Nd2 a5 40. Qf1 Qd4
41. Nb3 Nxb3 42. Kxb3 Qd5+ 43. Kc2 Kb7 44. Kb1 Kb6 45. Ka1 b4 46. axb4 axb4 47.
Qf8 b3 48. Qb8+ Qb7 49. Qf8 Qa6+ 50. Qa3 Qxa3+ 51. bxa3 Kb5 52. Kb1 Ka4 0-1

[Event "40th Olympiad Open"]
[Site "Istanbul TUR"]
[Date "2012.09.06"]
[Round "9.33"]
[Board "2"]
[White "Hossain, Enamul"]
[Black "Pinal, Nelson B"]
[Result "1/2-1/2"]
[WhiteTitle "GM"]
[BlackTitle "IM"]
[WhiteElo "2480"]
[BlackElo "2322"]
[WhiteTeam "Bangladesh"]
[BlackTeam "Dominican Republic"]
[WhiteFideId "10200649"]
[BlackFideId "3500594"]
[EventDate "2012.08.28"]

1. e4 c5 2. Nf3 Nc6 3. d4 cxd4 4. Nxd4 g6 5. Nc3 Bg7 6. Nde2 Nf6 7. g3 d6 8. Bg2
O-O 9. O-O Rb8 10. a4 a6 11. h3 Qc7 12. Bg5 e6 13. Qd2 b5 14. axb5 axb5 15. Rfd1
b4 16. Na4 d5 17. Bxf6 Bxf6 18. exd5 exd5 19. Nf4 Ne7 20. Nxd5 Nxd5 21. Qxd5
Qxc2 22. Rd2 Qc7 23. Qc5 Qxc5 24. Nxc5 Rd8 25. Rxd8+ Bxd8 26. Re1 Kf8 27. Rd1
Be7 28. Nd7+ Bxd7 29. Rxd7 Rd8 30. Rxd8+ Bxd8 31. b3 Bb6 1/2-1/2

[Event "40th Olympiad Open"]
[Site "Istanbul TUR"]
[Date "2012.09.06"]
[Round "9.33"]
[Board "3"]
[White "Puntier, William"]
[Black "Murshed, Niaz"]
[Result "1/2-1/2"]
[WhiteTitle "FM"]
[BlackTitle "GM"]
[WhiteElo "2312"]
[BlackElo "2462"]
[WhiteTeam "Dominican Republic"]
[BlackTeam "Bangladesh"]
[WhiteFideId "6400299"]
[BlackFideId "10200010"]
[EventDate "2012.08.28"]

1. e4 e6 2. d4 d5 3. Nd2 dxe4 4. Nxe4 Bd7 5. Nf3 Bc6 6. Bd3 Nd7 7. O-O Ngf6 8.
Ng3 Be7 9. c4 Bxf3 10. Qxf3 c6 11. b3 O-O 12. Bb2 Re8 13. Rad1 Bf8 14. Bb1 g6
15. Rfe1 Bg7 16. h4 h5 17. Ne4 Nxe4 18. Rxe4 f5 19. Rf4 Qe7 20. Re1 Qf7 21. Qd1
Rad8 22. Rf3 e5 23. Rfe3 e4 24. Qc2 Qf6 25. Rh3 c5 26. Rd1 Nf8 27. Bc1 Rxd4 28.
Bg5 Qd6 29. Re1 Qc6 30. Qc1 Ne6 31. Be3 Rdd8 32. f3 Nd4 33. fxe4 fxe4 34. Bg5
Rd6 35. Qf4 Rde6 36. Rhe3 Be5 37. Qf2 Bb8 38. Bf4 Rf8 39. Bxe4 Bxf4 40. Bxc6
Bxe3 41. Qxe3 Rxe3 42. Bd5+ Kg7 43. Rxe3 Nf5 44. Re6 b6 45. Kh2 Rf6 46. Re8 Nxh4
47. Re7+ Kh6 48. Rxa7 Nf5 49. a4 Nd4 50. a5 bxa5 51. Rxa5 Nxb3 52. Rb5 Nd2 53.
Rxc5 Rf4 54. Rc8 Nf1+ 55. Kg1 Ne3 56. Be6 Rf1+ 57. Kh2 h4 58. c5 Re1 59. c6 Nf1+
60. Kg1 Ng3+ 61. Kf2 Re2+ 62. Kf3 Rxe6 63. c7 Kg5 64. Rf8 Rc6 65. c8=Q Rxc8 66.
Rxc8 Nf5 67. Rc5 Kf6 68. Ke4 Kg5 69. Kf3 Kf6 70. Ra5 Kg5 1/2-1/2

[Event "40th Olympiad Open"]
[Site "Istanbul TUR"]
[Date "2012.09.06"]
[Round "9.33"]
[Board "4"]
[White "Reefat, Bin-Sattar"]
[Black "Flaquer, Luis"]
[Result "0-1"]
[WhiteTitle "GM"]
[BlackTitle "FM"]
[WhiteElo "2448"]
[BlackElo "2297"]
[WhiteTeam "Bangladesh"]
[BlackTeam "Dominican Republic"]
[WhiteFideId "10200207"]
[BlackFideId "6400485"]
[EventDate "2012.08.28"]

1. e4 c5 2. b3 Nf6 3. e5 Nd5 4. Bb2 e6 5. Nf3 Nc6 6. g3 Be7 7. Bg2 O-O 8. O-O b5
9. c4 bxc4 10. bxc4 Ndb4 11. d4 cxd4 12. a3 Na6 13. Nxd4 Rb8 14. Nxc6 dxc6 15.
Bc3 Nc5 16. Ra2 Ba6 17. Rd2 Qc7 18. Qg4 Na4 19. Ba1 Nb6 20. Rd6 f5 21. Qf4 Bxd6
22. exd6 Qf7 23. Nd2 c5 24. Re1 Bb7 25. Bxb7 Rxb7 26. Nf3 h6 27. Ne5 Qh5 28. Kg2
Re8 29. Qe3 Rc8 30. Rb1 Nxc4 31. Nxc4 Rxb1 32. Qxe6+ Kh7 33. Qxc8 f4 34. Qf8 f3+
35. Qxf3 Rg1+ 36. Kxg1 Qxf3 37. Ne3 Qc6 0-1

[Event "40th Olympiad Open"]
[Site "Istanbul TUR"]
[Date "2012.09.06"]
[Round "9.34"]
[Board "1"]
[White "Zhang, Zhong"]
[Black "Elbaba, Ezat"]
[Result "1-0"]
[WhiteTitle "GM"]
[WhiteElo "2595"]
[BlackElo "2172"]
[WhiteTeam "Singapore"]
[BlackTeam "Syria"]
[WhiteFideId "8600694"]
[BlackFideId "7600534"]
[EventDate "2012.08.28"]

1. e4 Nf6 2. e5 Nd5 3. d4 d6 4. Nf3 Bg4 5. Be2 e6 6. O-O Be7 7. h3 Bh5 8. c4 Nb6
9. exd6 cxd6 10. Nc3 O-O 11. b3 Nc6 12. Be3 d5 13. c5 Nd7 14. b4 Nxb4 15. Qb3
Bxf3 16. Bxf3 Nc6 17. Qxb7 Na5 18. Qb5 Nb8 19. Bf4 Nbc6 20. Rfd1 Bf6 21. Qa4 Qd7
22. Be2 a6 23. Rab1 Ra7 24. Be3 Rfa8 25. a3 Rb7 26. Rxb7 Qxb7 27. Rb1 Qc8 28.
Na2 g5 29. Bd3 Bd8 30. Nb4 f6 31. Qc2 Ra7 32. Qe2 Nxb4 33. axb4 Nc6 34. Qh5 Rf7
35. b5 axb5 36. Bxb5 Ne7 37. Be8 Rg7 38. c6 Ng6 39. h4 Bc7 40. Bd7 Rxd7 41. cxd7
Qxd7 42. hxg5 f5 43. Qe2 f4 44. Bd2 Ne7 45. Re1 Kf7 46. Qh5+ Kg8 47. Qg4 Nf5 48.
Bxf4 Ba5 49. Ra1 1-0

[Event "40th Olympiad Open"]
[Site "Istanbul TUR"]
[Date "2012.09.06"]
[Round "9.34"]
[Board "2"]
[White "Al-Tarbosh, Ward"]
[Black "Li, Ruofan"]
[Result "1-0"]
[WhiteTitle "FM"]
[BlackTitle "IM"]
[WhiteElo "2271"]
[BlackElo "2419"]
[WhiteTeam "Syria"]
[BlackTeam "Singapore"]
[WhiteFideId "7601450"]
[BlackFideId "8600643"]
[EventDate "2012.08.28"]

1. e4 e5 2. Nf3 Nc6 3. Bb5 a6 4. Ba4 Nf6 5. O-O Be7 6. Qe2 b5 7. Bb3 O-O 8. c3
d5 9. d3 Re8 10. Rd1 Bb7 11. Nbd2 Bf8 12. Nf1 Na5 13. Bc2 c5 14. Ng3 g6 15. h4
h5 16. Bg5 Qb6 17. exd5 Nxd5 18. Qd2 Bg7 19. Bh6 Bh8 20. b4 cxb4 21. cxb4 Nc6
22. Bb3 Nd4 23. Nxd4 exd4 24. Re1 Nc3 25. Rxe8+ Rxe8 26. Re1 Qc6 27. f3 Bf6 28.
Ne4 Bxh4 29. Qf4 Kh7 30. Qxh4 Nxe4 31. fxe4 Kxh6 32. Qf4+ Kg7 33. Qxf7+ Kh6 34.
Bd5 Qc3 35. Qf4+ Kg7 36. Rc1 Bxd5 37. Rxc3 dxc3 38. exd5 Rc8 39. d6 c2 40. Qc1
Kf7 41. d7 Rd8 42. Qxc2 Rxd7 43. d4 Rd6 44. Qc5 Ke6 45. Qe5+ Kd7 46. d5 Kc7 47.
Kf2 Kd7 48. Ke3 1-0

[Event "40th Olympiad Open"]
[Site "Istanbul TUR"]
[Date "2012.09.06"]
[Round "9.34"]
[Board "3"]
[White "Shanmugam, Ravindran"]
[Black "Iyti, Basher"]
[Result "1-0"]
[WhiteTitle "IM"]
[BlackTitle "IM"]
[WhiteElo "2406"]
[BlackElo "2264"]
[WhiteTeam "Singapore"]
[BlackTeam "Syria"]
[WhiteFideId "5801770"]
[BlackFideId "7601875"]
[EventDate "2012.08.28"]

1. e4 g6 2. d4 Bg7 3. Nf3 c6 4. Nc3 d6 5. Be2 Nf6 6. O-O O-O 7. h3 Nbd7 8. e5
Nd5 9. exd6 exd6 10. Nxd5 cxd5 11. c3 Re8 12. Bf4 Qb6 13. Qc2 Nf6 14. Bd3 Bd7
15. Rfe1 a5 16. Qb3 Qc7 17. a4 Bc6 18. Nd2 Nh5 19. Bh2 Bh6 20. Nf1 Re7 21. Re2
Rae8 22. Rae1 Bf4 23. Ng3 Nf6 24. Qc2 Qd7 25. b3 Kf8 26. Nf1 Bxh2+ 27. Kxh2 Nh5
28. Qd2 Kg7 29. Ng3 Rxe2 30. Nxh5+ gxh5 31. Qg5+ Kh8 32. Rxe2 Rxe2 33. Qh6 Kg8
34. Bxh7+ Kh8 35. Bf5+ Kg8 36. Qg5+ Kf8 37. Bxd7 Bxd7 38. Qd8+ Be8 39. Qxd6+ Kg8
40. Kg3 Rc2 41. Qc7 Bc6 42. Qxa5 Rb2 43. b4 b6 44. Qxb6 Bxa4 45. Qd8+ Kg7 1-0

[Event "40th Olympiad Open"]
[Site "Istanbul TUR"]
[Date "2012.09.06"]
[Round "9.34"]
[Board "4"]
[White "Hammoudi, Ali"]
[Black "Fernandez, Daniel Howard"]
[Result "0-1"]
[BlackTitle "IM"]
[WhiteElo "2155"]
[BlackElo "2370"]
[WhiteTeam "Syria"]
[BlackTeam "Singapore"]
[WhiteFideId "7600321"]
[BlackFideId "5801605"]
[EventDate "2012.08.28"]

1. e4 c6 2. Nf3 d5 3. Nc3 Bg4 4. h3 Bxf3 5. Qxf3 e6 6. exd5 cxd5 7. Bb5+ Nc6 8.
O-O Bd6 9. d4 Ne7 10. Bf4 O-O 11. Ne2 Bxf4 12. Qxf4 Qb6 13. Bd3 Ng6 14. Bxg6
hxg6 15. b3 a5 16. h4 Qd8 17. Rfd1 a4 18. Nc3 axb3 19. axb3 Nb4 20. Rxa8 Qxa8
21. Ne2 Qa2 22. Rd2 Nxc2 23. h5 gxh5 24. Ng3 Qb1+ 25. Kh2 Nb4 26. Nxh5 Qg6 27.
Qh4 Qh6 28. Re2 Nc6 29. Re3 Nxd4 30. Rh3 Nf5 31. Qb4 e5 32. Qxb7 Qd6 33. Qb5 g6
34. Qe2 e4+ 35. g3 Nd4 36. Qg4 f5 37. Qf4 Qxf4 38. Nxf4 Nf3+ 39. Kg2 Ne5 40.
Nxd5 Rb8 41. Rh4 Rxb3 42. Ne3 Rb2 43. Rh1 Nd3 44. Rf1 Kg7 45. Kg1 Re2 46. Nd5
Ne1 47. g4 Nf3+ 48. Kg2 Rd2 49. Nf4 Kf6 50. gxf5 gxf5 51. Kg3 Rd8 52. Ra1 Rg8+
53. Kh3 Ng1+ 54. Kh2 Ke5 55. Nh5 Nf3+ 56. Kh3 Rh8 57. Ra5+ Ke6 58. Ra6+ Kd7 59.
Kg3 Rxh5 60. Kf4 Ne1 61. Rf6 Nd3+ 62. Ke3 Ke7 0-1

[Event "40th Olympiad Open"]
[Site "Istanbul TUR"]
[Date "2012.09.06"]
[Round "9.35"]
[Board "1"]
[White "Djukic, Nikola"]
[Black "Lodhi, Mahmood"]
[Result "1-0"]
[WhiteTitle "GM"]
[BlackTitle "IM"]
[WhiteElo "2523"]
[BlackElo "2358"]
[WhiteTeam "Montenegro"]
[BlackTeam "Pakistan"]
[WhiteFideId "922412"]
[BlackFideId "7800010"]
[EventDate "2012.08.28"]

1. e4 e5 2. Nf3 Nc6 3. Bb5 a6 4. Ba4 Nf6 5. O-O Be7 6. Re1 b5 7. Bb3 d6 8. c3
O-O 9. h3 Na5 10. Bc2 c5 11. d4 Qc7 12. Nbd2 Bd7 13. Nf1 cxd4 14. cxd4 Rac8 15.
Re2 Nc6 16. Ng3 exd4 17. Nxd4 Nxd4 18. Qxd4 Qc4 19. Qd1 Be6 20. b3 Qc3 21. Rb1
g6 22. Bb2 Qa5 23. Nf5 Bxf5 24. exf5 Qc7 25. Qd4 Bd8 26. Rbe1 Qc5 27. Qf4 Qxc2
28. Rxc2 Rxc2 29. Bd4 Rxa2 30. Qxd6 Rd2 31. Qe5 Rd3 32. b4 g5 33. h4 h6 34. hxg5
hxg5 35. Bb2 Rd5 36. Qc3 a5 37. Qf3 Rd2 38. Bc1 Rd4 39. Bxg5 Rxb4 40. Bh6 Rd4
41. Qe3 Rg4 42. Bxf8 Kxf8 43. Qc5+ Kg7 44. Qd6 a4 45. Qxd8 b4 46. f3 Rc4 47. Qd3 1-0

[Event "40th Olympiad Open"]
[Site "Istanbul TUR"]
[Date "2012.09.06"]
[Round "9.35"]
[Board "2"]
[White "Qureshi, M.A."]
[Black "Drasko, Milan"]
[Result "0-1"]
[BlackTitle "GM"]
[WhiteElo "2190"]
[BlackElo "2479"]
[WhiteTeam "Pakistan"]
[BlackTeam "Montenegro"]
[WhiteFideId "5002753"]
[BlackFideId "900397"]
[EventDate "2012.08.28"]

1. d4 e6 2. c4 Nf6 3. Nc3 Bb4 4. Qc2 O-O 5. Bg5 c5 6. dxc5 Na6 7. a3 Bxc3+ 8.
Qxc3 Nxc5 9. Bxf6 Qxf6 10. Qxf6 gxf6 11. Nf3 a5 12. e3 a4 13. Be2 b6 14. O-O Ba6
15. Nd4 Rfc8 16. Rac1 Kf8 17. Rfd1 Ke7 18. f3 Nb7 19. Rc3 Nd6 20. Rdc1 Rc5 21.
Kf2 e5 22. Nb5 Bxb5 23. cxb5 Rxc3 24. Rxc3 Ra5 25. Rd3 f5 26. Rd5 f6 27. Ke1 Ke6
28. Rd2 h6 29. Kd1 Nxb5 30. Bc4+ Ke7 31. Rd5 Nd6 32. Rxa5 bxa5 33. Be2 Nc8 34.
Kd2 d5 35. Bb5 Nb6 36. Kc3 Kd6 37. b4 axb3 38. Kxb3 Kc5 39. Bd3 e4 40. Be2 d4
41. fxe4 fxe4 0-1

[Event "40th Olympiad Open"]
[Site "Istanbul TUR"]
[Date "2012.09.06"]
[Round "9.36"]
[Board "1"]
[White "Zambrana, Oswaldo"]
[Black "Kojima, Shinya"]
[Result "1-0"]
[WhiteTitle "GM"]
[BlackTitle "FM"]
[WhiteElo "2471"]
[BlackElo "2282"]
[WhiteTeam "Bolivia"]
[BlackTeam "Japan"]
[WhiteFideId "3300200"]
[BlackFideId "7000812"]
[EventDate "2012.08.28"]

1. e4 e6 2. d4 d5 3. Nd2 c5 4. Ngf3 cxd4 5. exd5 Qxd5 6. Bc4 Qd6 7. O-O Nf6 8.
Nb3 Nc6 9. Nbxd4 Nxd4 10. Nxd4 a6 11. Bb3 Bd7 12. c3 Qc7 13. Qf3 Bd6 14. h3
O-O-O 15. Bg5 Bh2+ 16. Kh1 Be5 17. Rfe1 h6 18. Bh4 Bf4 19. Bxf6 gxf6 20. Qh5 Be8
21. Bd1 Rd5 22. Qf3 Rg8 23. Qd3 Kb8 24. Bf3 Rd8 25. Qh7 Rg6 26. Rad1 f5 27. h4
Qe7 28. g3 Bxg3 29. Nxf5 Qf6 30. Rxd8+ Qxd8 31. Nxg3 Qxh4+ 32. Kg2 Qf6 33. Rd1
Ka7 34. Rd4 e5 35. Rc4 Kb8 36. Be4 Rg5 37. a4 Bd7 38. Rb4 Bc8 39. Bd5 Rg7 1-0

[Event "40th Olympiad Open"]
[Site "Istanbul TUR"]
[Date "2012.09.06"]
[Round "9.36"]
[Board "2"]
[White "Nanjo, Ryosuke"]
[Black "Gemy, Jose Daniel"]
[Result "1/2-1/2"]
[WhiteTitle "CM"]
[BlackTitle "FM"]
[WhiteElo "2316"]
[BlackElo "2345"]
[WhiteTeam "Japan"]
[BlackTeam "Bolivia"]
[WhiteFideId "7000634"]
[BlackFideId "3301478"]
[EventDate "2012.08.28"]

1. e4 e5 2. Nf3 Nc6 3. Bb5 Nf6 4. d3 Bc5 5. c3 d6 6. d4 exd4 7. cxd4 Bb4+ 8. Bd2
Bxd2+ 9. Nbxd2 O-O 10. O-O Bd7 11. Re1 d5 12. e5 Nh5 13. Bf1 Nf4 14. Qb3 Na5 15.
Qe3 Ne6 16. Rac1 b6 17. Bd3 c5 18. Bb1 Bb5 19. Rcd1 Qe7 20. b3 Rac8 21. Nf1 Bxf1
22. Rxf1 c4 23. bxc4 Nxc4 24. Qd3 g6 25. Qb3 Qa3 26. Qb5 Rfd8 27. Rd3 Qa5 28.
Qb3 Nf4 29. Rdd1 Qa3 30. g3 Ne6 31. Rd3 Qxb3 32. axb3 Na3 33. Rfd1 a5 34. Kf1 b5
35. Ke2 b4 36. R3d2 Rc3 37. Rb2 h5 38. h4 Nb5 39. Rdd2 Rdc8 40. Rd1 R8c7 41.
Rdd2 Kf8 42. Rd1 Ke7 43. Rdd2 Kd8 44. Rd1 Kc8 45. Rdd2 Kb7 46. Rd1 Ka7 47. Rdd2
Kb6 48. Rd1 R7c6 49. Rdd2 Rc1 50. Ke3 R6c3+ 51. Bd3 Kb7 52. Ra2 Kb6 53. Rab2 Kb7
54. Ra2 Kb6 1/2-1/2

[Event "40th Olympiad Open"]
[Site "Istanbul TUR"]
[Date "2012.09.06"]
[Round "9.36"]
[Board "3"]
[White "Cueto, Jonny"]
[Black "Watanabe, Akira"]
[Result "1-0"]
[WhiteTitle "IM"]
[BlackTitle "FM"]
[WhiteElo "2282"]
[BlackElo "2278"]
[WhiteTeam "Bolivia"]
[BlackTeam "Japan"]
[WhiteFideId "3300145"]
[BlackFideId "7000227"]
[EventDate "2012.08.28"]

1. e4 c5 2. Nf3 d6 3. d4 cxd4 4. Qxd4 a6 5. Be3 Nc6 6. Qb6 Qxb6 7. Bxb6 Nf6 8.
Nc3 g6 9. Nd2 Bh6 10. Nc4 Be6 11. Be3 Bxe3 12. Nxe3 O-O 13. O-O-O Ng4 14. Nxg4
Bxg4 15. Rd2 Rac8 16. f4 Be6 17. Bd3 Nb4 18. Kb1 Nxd3 19. cxd3 Rc7 20. Re1 Rfc8
21. f5 gxf5 22. exf5 Bxf5 23. Nd5 e6 24. Nxc7 Rxc7 25. Rc1 Rd7 26. Rc3 e5 27.
Kc1 d5 28. d4 exd4 29. Rxd4 Be4 30. Kd2 f5 31. g3 Kf7 32. Ke3 Ke6 33. Rc8 Ke5
34. Re8+ Kd6 35. Rd2 Rc7 36. Kf4 Rc1 37. Rh8 Rf1+ 38. Kg5 Ke5 39. Rxh7 d4 40.
Re7+ Kd6 41. Rf7 d3 42. Rf8 Re1 43. Rxf5 Bxf5 44. Kxf5 Re2 45. Rxd3+ Kc6 46.
Rc3+ Kd6 47. Rb3 Rxh2 48. Rxb7 a5 49. g4 a4 50. a3 Rf2+ 51. Kg6 Ke6 52. g5 1-0

[Event "40th Olympiad Open"]
[Site "Istanbul TUR"]
[Date "2012.09.06"]
[Round "9.36"]
[Board "4"]
[White "Iwasaki, Yudai"]
[Black "Ferrufino, Boris"]
[Result "0-1"]
[WhiteTitle "CM"]
[BlackTitle "CM"]
[WhiteElo "2137"]
[BlackElo "2171"]
[WhiteTeam "Japan"]
[BlackTeam "Bolivia"]
[WhiteFideId "7000626"]
[BlackFideId "3300170"]
[EventDate "2012.08.28"]

1. e4 c5 2. Nf3 Nc6 3. d4 cxd4 4. Nxd4 Nf6 5. Nc3 e5 6. Ndb5 d6 7. Bg5 a6 8. Na3
b5 9. Bxf6 gxf6 10. Nd5 f5 11. Bd3 Be6 12. O-O Bxd5 13. exd5 Ne7 14. Nxb5 Bg7
15. Nc3 e4 16. Bc4 O-O 17. Qh5 Qc8 18. Bb3 Ng6 19. Rae1 Kh8 20. Ne2 f4 21. c3
Re8 22. f3 Re5 23. Qg4 Qc5+ 24. Kh1 exf3 25. Nxf4 Nxf4 26. Qxf4 Rxe1 27. Rxe1
Qf2 0-1

[Event "40th Olympiad Open"]
[Site "Istanbul TUR"]
[Date "2012.09.06"]
[Round "9.37"]
[Board "1"]
[White "Astaneh Lopez, Alex"]
[Black "Amanov, Mesgen"]
[Result "0-1"]
[WhiteTitle "IM"]
[BlackTitle "GM"]
[WhiteElo "2398"]
[BlackElo "2516"]
[WhiteTeam "Ireland"]
[BlackTeam "Turkmenistan"]
[WhiteFideId "2501430"]
[BlackFideId "14000652"]
[EventDate "2012.08.28"]

1. e4 c5 2. Nf3 d6 3. c3 Nf6 4. h3 Nbd7 5. Bd3 b6 6. O-O Bb7 7. Re1 Rc8 8. Bc2
Qc7 9. d3 g6 10. a4 Bg7 11. Bf4 O-O 12. Na3 e5 13. Bh2 a6 14. Bb3 h6 15. Bc4 Nh5
16. Nh4 Kh7 17. Nf5 Nf4 18. Nxg7 Kxg7 19. d4 g5 20. d5 Rce8 21. g3 Nxh3+ 22. Kg2
g4 23. Nc2 Nf6 24. Qd3 Ng5 25. Ne3 Ra8 26. Nf5+ Kh7 27. Re2 b5 28. Ba2 c4 29.
Qd2 Bc8 30. Rh1 Nfxe4 31. Rxe4 Bxf5 0-1

[Event "40th Olympiad Open"]
[Site "Istanbul TUR"]
[Date "2012.09.06"]
[Round "9.37"]
[Board "4"]
[White "Atabayev, Yusup"]
[Black "McMahon, Daire"]
[Result "1/2-1/2"]
[WhiteTitle "FM"]
[BlackTitle "FM"]
[WhiteElo "2411"]
[BlackElo "2153"]
[WhiteTeam "Turkmenistan"]
[BlackTeam "Ireland"]
[WhiteFideId "14001128"]
[BlackFideId "2500477"]
[EventDate "2012.08.28"]

1. e4 e5 2. Nf3 Nc6 3. Bb5 Nf6 4. O-O Nxe4 5. d4 a6 6. Bxc6 dxc6 7. Re1 Nf6 8.
dxe5 Qxd1 9. Rxd1 Ne4 10. Re1 Nc5 11. Nbd2 Be7 12. Nd4 O-O 13. h3 Rd8 14. N2f3
Ne6 15. Nf5 Bc5 16. c3 Nf8 17. Ng3 h6 18. Ne4 Be7 19. g4 c5 20. Ng3 Ne6 21. Be3
b6 22. Nf5 Bf8 23. Nd2 Bb7 24. f4 Rd3 25. Ng3 Rad8 26. Nde4 c4 27. Kh2 Be7 28.
Re2 R8d7 29. Rf1 Rd1 30. Rxd1 Rxd1 31. a3 Kf8 32. Nf2 Rb1 33. Nge4 b5 34. Rd2
Ke8 35. Ng3 Nc5 36. Nf5 Nb3 37. Rc2 Bf8 38. h4 Re1 39. Ba7 g6 40. Ng3 Be7 41. g5
hxg5 42. hxg5 Bf3 43. Nh3 Nc5 44. f5 Rxe5 45. fxg6 fxg6 46. Rf2 Bb7 47. Bxc5
Rxc5 48. Ne2 Re5 49. Nef4 Be4 50. Kg3 Bd6 51. Kh4 Bf5 52. Re2 Rxe2 53. Nxe2 Be5
54. Nhf4 c6 55. Ng2 Kd7 56. Ne3 Bd3 57. Ng4 Bg7 58. Nf4 Bf5 59. Nf6+ Ke7 60.
Ng8+ Kf7 61. Nh6+ Bxh6 62. gxh6 Kf6 63. Ne2 g5+ 64. Kg3 Kg6 65. Nd4 Bd7 66. Nf3
Kxh6 67. Ne5 Be8 68. Kg4 a5 69. a4 bxa4 70. Nxc4 Bd7+ 71. Kg3 Be6 72. Nxa5 Bd5
73. c4 Be4 74. Kf2 Kg6 75. Nb7 Kf5 76. Ke3 Ke5 77. Nd8 Bg2 78. Nf7+ Kf6 79. Nd6
Ke5 80. Nf7+ Kf5 81. Nd6+ Ke5 82. Nf7+ Kf6 83. Nd6 Ke5 1/2-1/2

[Event "40th Olympiad Open"]
[Site "Istanbul TUR"]
[Date "2012.09.06"]
[Round "9.38"]
[Board "1"]
[White "Galego, Luis"]
[Black "Jones, Richard S."]
[Result "1/2-1/2"]
[WhiteTitle "GM"]
[BlackTitle "IM"]
[WhiteElo "2495"]
[BlackElo "2393"]
[WhiteTeam "Portugal"]
[BlackTeam "Wales"]
[WhiteFideId "1900072"]
[BlackFideId "1800833"]
[EventDate "2012.08.28"]

1. e4 e5 2. Nc3 Nf6 3. g3 Bc5 4. Bg2 O-O 5. d3 Nc6 6. Nf3 a6 7. O-O d6 8. h3 h6
9. Kh2 Ne7 10. Nh4 Ng6 11. Nf5 c6 12. Be3 Bxf5 13. exf5 Bxe3 14. fxe3 Ne7 15. e4
d5 16. Qd2 dxe4 17. Nxe4 Ned5 18. Rae1 Re8 19. Rf2 Nxe4 20. Bxe4 Nf6 21. Rfe2
Qd4 22. b3 Rad8 23. a4 Kf8 24. Re3 Qd6 25. Qe2 Re7 26. Qg2 Nd5 27. R3e2 Nc3 28.
Rf2 f6 29. h4 Ke8 30. Qf3 1/2-1/2

[Event "40th Olympiad Open"]
[Site "Istanbul TUR"]
[Date "2012.09.06"]
[Round "9.38"]
[Board "2"]
[White "Kett, Tim"]
[Black "Pereira, Ruben"]
[Result "0-1"]
[BlackTitle "IM"]
[WhiteElo "2237"]
[BlackElo "2417"]
[WhiteTeam "Wales"]
[BlackTeam "Portugal"]
[WhiteFideId "1801210"]
[BlackFideId "1903063"]
[EventDate "2012.08.28"]

1. e4 c5 2. Nf3 d6 3. d4 cxd4 4. Nxd4 Nf6 5. Nc3 Nc6 6. Bg5 Qb6 7. Nb3 e6 8. Bd3
Be7 9. Qe2 a6 10. O-O-O O-O 11. f4 Qc7 12. Rde1 b5 13. e5 dxe5 14. fxe5 Nd5 15.
Bxe7 Ncxe7 16. Nxd5 Nxd5 17. Qe4 g6 18. h4 Bb7 19. h5 Qe7 20. Qg4 Nb4 21. Be4
Bxe4 22. Rxe4 Nc6 23. Nd4 Nxd4 24. Rxd4 Rfd8 25. hxg6 hxg6 26. Qh3 Qg5+ 27. Kb1
Kf8 28. Rh4 Qxe5 29. a3 Ke7 30. Rh7 Qf6 31. g4 Rd2 32. Rf1 Rf2 33. Rd1 Rd8 34.
Rxd8 Kxd8 35. Rh8+ Ke7 36. Ra8 Qd4 37. Qh4+ Rf6 38. Qe1 Qc4 39. Ra7+ Kf8 40. b3
Qf1 41. Qxf1 Rxf1+ 42. Kb2 Rg1 43. Rxa6 Rxg4 44. Rb6 Rg5 45. Kc3 Rd5 46. Kb4 g5
47. a4 bxa4 48. bxa4 g4 49. a5 Rd1 50. a6 Ra1 51. Rd6 g3 52. Rd2 f5 53. Kb5 f4
54. Rg2 Ke7 55. Kb6 f3 56. Rxg3 f2 57. Rf3 f1=Q 58. Rxf1 Rxf1 59. c4 Kd7 60. a7
Ra1 61. Kb7 e5 62. c5 Rxa7+ 63. Kxa7 Kc6 0-1

[Event "40th Olympiad Open"]
[Site "Istanbul TUR"]
[Date "2012.09.06"]
[Round "9.38"]
[Board "3"]
[White "Ferreira, Jorge Viterbo"]
[Black "Jones, Iolo C"]
[Result "1-0"]
[WhiteTitle "FM"]
[BlackTitle "CM"]
[WhiteElo "2338"]
[BlackElo "2243"]
[WhiteTeam "Portugal"]
[BlackTeam "Wales"]
[WhiteFideId "1910850"]
[BlackFideId "1800094"]
[EventDate "2012.08.28"]

1. c4 Nf6 2. Nf3 d6 3. d4 Nbd7 4. Nc3 e5 5. e4 Be7 6. Be2 c6 7. O-O O-O 8. d5
cxd5 9. cxd5 Nc5 10. Qc2 a5 11. Be3 b6 12. h3 Ne8 13. a3 f5 14. b4 Nxe4 15. Nxe4
fxe4 16. Nd2 Nf6 17. Bb5 Bb7 18. Bc6 Rc8 19. b5 Kh8 20. Qb3 Rb8 21. Rac1 Bc8 22.
Nc4 Bf5 23. a4 Bg6 24. Qc3 Nh5 25. Bxb6 Rxb6 26. Qxa5 Rb8 27. Qxd8 Rfxd8 28. a5
Nf4 29. a6 Ne2+ 30. Kh2 Nxc1 31. Rxc1 e3 32. fxe3 Bd3 33. a7 h6 34. b6 Bxc4 35.
b7 Bb5 36. Ra1 1-0

[Event "40th Olympiad Open"]
[Site "Istanbul TUR"]
[Date "2012.09.06"]
[Round "9.38"]
[Board "4"]
[White "Brown, Thomas"]
[Black "Padeiro, Jose"]
[Result "0-1"]
[BlackTitle "FM"]
[WhiteElo "2104"]
[BlackElo "2354"]
[WhiteTeam "Wales"]
[BlackTeam "Portugal"]
[WhiteFideId "1801430"]
[BlackFideId "1901311"]
[EventDate "2012.08.28"]

1. d4 Nc6 2. d5 Nb8 3. c4 e5 4. a3 Bc5 5. b4 Be7 6. Bb2 d6 7. e4 Nh6 8. Nf3 O-O
9. Bc1 f5 10. Bxh6 fxe4 11. Nfd2 gxh6 12. Nxe4 Bf5 13. Nbc3 a5 14. Bd3 Qe8 15.
b5 b6 16. Qc2 Bg6 17. O-O-O Nd7 18. h4 h5 19. Rdg1 Kh8 20. g4 hxg4 21. Rxg4 Rf4
22. Rhg1 Rxg4 23. Rxg4 Bh5 24. Rg1 Qf7 25. Ng5 Bxg5+ 26. Rxg5 Rg8 27. Kb2 Rxg5
28. hxg5 Nc5 29. Bf5 Bg6 30. Bxg6 hxg6 31. Qd2 Qf5 32. Qe3 Nd3+ 33. Ka1 Nxf2 34.
Qg3 Kg8 35. Qh4 Qc2 36. Nb1 Nd3 0-1